000 00688nam a2200241Ia 4500
008 160803s9999 xx 000 0 und d
020 _a0 439183162
100 _aShaw, Nancy
245 _aSheep in a jeep /
245 _cNancy Shaw ; illustrated by Margot Apple.
260 _aNew York :
260 _bScholastic Inc.
260 _c1986
300 _a32 pages :
300 _bcolor illustrations ;
300 _c21 cm
500 _a"This edition is only available for distribution through the school market"--Page 4 of cover.
650 _aSheep --
650 _aStories in rhyme --
650 _xJuvenile fiction.
650 _xJuvenile fiction.
700 _a130
999 _c299364
_d299364